Candidats présidentiels - France - 5ème République - Statistiques

Statistiques générales
  • Ce quiz a été pris 1 304 fois
  • Le résultat moyen est 41 sur 94
Statistiques - réponses
Année Score Parti Candidat % Correct
1974 0,75 % Extrême-droite Jean-Marie Le Pen
97%
1988 14,4 % Extrême-droite Jean-Marie Le Pen
97%
1995 15,0 % Extrême-droite Jean-Marie Le Pen
97%
2002 16,9 % Extrême-droite Jean-Marie Le Pen
97%
2007 10,4 % Extrême-droite Jean-Marie Le Pen
97%
2012 17,9 % Extrême-droite Marine Le Pen
97%
1981 18,0 % Droite Jacques Chirac
93%
1988 20,0 % Droite Jacques Chirac
93%
1995 20,8 % Droite Jacques Chirac
93%
2002 19,9 % Droite Jacques Chirac
93%
2007 31,2 % Droite Nicolas Sarkozy
92%
2012 27,2 % Droite Nicolas Sarkozy
92%
1958 78,5 % Droite Charles de Gaulle
91%
1965 44,6 % Droite Charles de Gaulle
91%
2012 28,6 % Gauche François Hollande
91%
1974 32,6 % Centre-droit Valéry Giscard d'Estaing
85%
1981 28,3 % Centre-droit Valéry Giscard d'Estaing
85%
1969 44,5 % Droite Georges Pompidou
81%
2007 25,9 % Gauche Ségolène Royal
77%
1995 23,3 % Gauche Lionel Jospin
74%
2002 16,2 % Gauche Lionel Jospin
74%
1974 43,3 % Gauche François Mitterrand
73%
1981 25,9 % Gauche François Mitterrand
73%
1988 34,1 % Gauche François Mitterrand
73%
2002 6,84 % Centre-droit François Bayrou
71%
2007 18,6 % Centre-droit François Bayrou
71%
2012 9,18 % Centre-droit François Bayrou
71%
2012 11,1 % Extrême-gauche Jean-Luc Mélenchon
68%
1965 31,7 % Gauche François Mitterrand
62%
1974 2,33 % Extrême-gauche Arlette Laguiller
60%
1981 2,30 % Extrême-gauche Arlette Laguiller
60%
1988 1,99 % Extrême-gauche Arlette Laguiller
60%
1995 5,30 % Extrême-gauche Arlette Laguiller
60%
2002 5,72 % Extrême-gauche Arlette Laguiller
60%
2007 1,33 % Extrême-gauche Arlette Laguiller
60%
2012 2,31 % Vert Eva Joly
59%
2007 4,08 % Extrême-gauche Olivier Besancenot
58%
2012 1,15 % Extrême-gauche Philippe Poutou
58%
1995 18,6 % Centre-droit Édouard Balladur
55%
2012 1,79 % Droite Nicolas Dupont-Aignan
49%
1981 15,4 % Extrême-gauche Georges Marchais
47%
1995 0,28 % Divers Jacques Cheminade
45%
2012 0,25 % Divers Jacques Cheminade
45%
1995 8,64 % Extrême-gauche Robert Hue
40%
2002 3,37 % Extrême-gauche Robert Hue
40%
2002 2,32 % Gauche Christiane Taubira
39%
2012 0,56 % Extrême-gauche Nathalie Arthaud
39%
2002 5,25 % Vert Noël Mamère
39%
1995 4,74 % Droite Philippe de Villiers
34%
2007 2,23 % Droite Philippe de Villiers
34%
1974 15,1 % Droite Jacques Chaban-Delmas
33%
1995 3,32 % Vert Dominique Voynet
32%
2007 1,57 % Vert Dominique Voynet
32%
2002 5,33 % Gauche Jean-Pierre Chevènement
32%
1969 23,3 % Centre-droit Alain Poher
31%
1988 16,5 % Centre-droit Raymond Barre
31%
2007 1,93 % Extrême-gauche Marie-George Buffet
28%
1969 3,61 % Gauche Michel Rocard
28%
2007 1,32 % Vert José Bové
27%
2002 4,25 % Extrême-gauche Olivier Besancenot
24%
2002 2,34 % Extrême-droite Bruno Mégret
20%
1981 1,66 % Centre-droit Michel Debré
18%
1965 15,6 % Centre-droite Jean Lecanuet
17%
1969 1,06 % Extrême-gauche Alain Krivine
15%
1974 0,37 % Extrême-gauche Alain Krivine
15%
2002 1,19 % Droite Christine Boutin
15%
2007 0,34 % Extrême-gauche Gérard Schivardi
15%
1965 5,20 % Extrême-droite Jean-Louis Tixier-Vignancour
15%
2002 3,91 % Centre-droit Alain Madelin
13%
2002 1,88 % Vert Corinne Lepage
13%
2007 1,15 % Droite Frédéric Nihous
13%
1981 3,88 % Vert Brice Lalonde
12%
1969 5,01 % Gauche Gaston Defferre
11%
1969 21,3 % Extrême-droite Jacques Duclos
11%
1988 3,78 % Vert Antoine Waechter
10%
2002 4,23 % Droite Jean Saint-Josse
10%
1974 1,32 % Vert René Dumont
8%
1988 6,76 % Extrême-gauche André Lajoinie
7%
2002 0,47 % Extrême-gauche Daniel Gluckstein
7%
1981 1,33 % Centre-droit Marie-France Garaud
7%
1965 1,15 % Centre-Gauche Marcel Barbu
6%
1981 1,10 % Gauche Huguette Bouchardeau
5%
1988 2,10 % Gauche Pierre Juquin
5%
1974 3,17 % Droite Jean Royer
4%
1981 2,21 % Centre-gauche Michel Crépeau
4%
1965 1,71 % Gauche Pierre Marcilhacy
4%
1974 0,17 % Droite Bertrand Renouvin
3%
1974 0,69 % Gauche Émile Muller
3%
1974 0,08 % Divers Guy Héraud
3%
1974 0,16 % Divers Jean-Claude Sebag
3%
1988 0,38 % Extrême-gauche Pierre Boussel
3%
1958 8,46 % Gauche Albert Châtelet
2%
1958 13,0 % Extrême-Gauche Georges Marrane
2%
1969 1,27 % Centre-gauche Louis Ducatel
2%
Aucun quiz correspondant
Distribution des résultats
% des personnes avec chaque résultat
Percentile par nombre de réponses
Votre historique - résultats
Vous n’avez pas pris ce quiz